[Event "Voronezh op-B 19th"]
[Site "Voronezh"]
[Date "2015.06.18"]
[Round "6"]
[White "Kabludenko, Mikhail"]
[Black "Garkavenko, Andrey"]
[Result "0-1"]
[WhiteElo "1337"]
[BlackElo "1775"]
[PlyCount "119"]
[EventDate "2015.06.12"]
[EventType "swiss"]
[EventRounds "9"]
[EventCountry "RUS"]
[SourceTitle "CBM 167 Extra"]
[Source "ChessBase"]
[SourceDate "2015.09.14"]
[SourceVersion "1"]
[SourceVersionDate "2015.09.14"]
[SourceQuality "1"]

1. e4 d6 2. d4 e5 3. dxe5 dxe5 4. Qxd8+ Kxd8 5. Nf3 f6 6. Be3 Be6 7. Nbd2 Nd7 8. Bc4 Bxc4 9. Nxc4 c6 10. 0-0-0 Kc7 11. Rd2 b5 12. Rhd1 Rd8 13. Nd6 Bxd6 14. Rxd6 Ne7 15. Bxa7 Nc8 16. Re6 Nxa7 17. Re7 Rhg8 18. Nh4 Nc8 19. Rf7 Nd6 20. Re7 Rde8 21. Rxe8 Rxe8 22. f3 g5 23. Nf5 Nxf5 24. exf5 Ra8 25. a3 Ra4 26. Rd3 h5 27. g3 e4 28. Re3 exf3 29. Rxf3 Rd4 30. c3 Rd5 31. Kc2 Ne5 32. Rf1 Ng4 33. Re1 Rxf5 34. h3 Ne5 35. h4 g4 36. Kb3 Rf3 37. Rg1 Kb6 38. a4 bxa4+ 39. Kxa4 Nd3 40. b4 c5 41. b5 Nf2 42. c4 Ne4 43. Re1 Nc3+ 44. Kb3 Nxb5+ 45. Kb2 Nd4 46. Ka1 Rxg3 47. Rb1+ Kc7 48. Ka2 Rb3 49. Re1 Kd7 50. Rf1 Rf3 51. Rb1 Rf2+ 52. Ka3 Kc6 53. Rb8 g3 54. Rc8+ Kd6 55. Rd8+ Kc7 56. Rd5 Rf5 57. Ka4 Rxd5 58. cxd5 g2 59. d6+ Kxd6 60. Ka5 0-1

[Event "Voronezh op-B 19th"]
[Site "Voronezh"]
[Date "2015.06.15"]
[Round "4"]
[White "Geranichev, Mikhail"]
[Black "Garkavenko, Andrey"]
[Result "1-0"]
[WhiteElo "2072"]
[BlackElo "1775"]
[PlyCount "33"]
[EventDate "2015.06.12"]
[EventType "swiss"]
[EventRounds "9"]
[EventCountry "RUS"]
[SourceTitle "CBM 167 Extra"]
[Source "ChessBase"]
[SourceDate "2015.09.14"]
[SourceVersion "1"]
[SourceVersionDate "2015.09.14"]
[SourceQuality "1"]

1. e4 d6 2. d4 e5 3. f3 f5 4. dxe5 fxe4 5. Nc3 exf3 6. Nxf3 Qe7 7. Nd5 Qd8 8. Bc4 dxe5 9. 0-0 Bd6 10. Nxe5 Bxe5 11. Qh5+ Kd7 12. Qxe5 Ne7 13. Rf7 Nbc6 14. Qxg7 Rg8 15. Nf6+ Kd6 16. Nxg8 Nxg8 17. Bg5 1-0